000 00653nam a2200277Ia 4500
005 20260324111947.0
008 008 260324s9999 xx 000 0 eng d
020 _a9781032692098
037 _aEBOOK
040 _aCRL
040 _beng
040 _cCRL
041 _2eng
041 _aeng
084 _qCRL
100 _aVictoria Evans
_91140725
245 4 _aThe Protection of Property Rights Through Tort Law
260 _bTaylor and Francis
260 _c2025
365 _a
365 _b230
856 _uhttp://www.taylorfrancis.com/books/9781032692098
942 _cEBOOK
999 _c1729734
_d1729734